Countries of the World in Irish - Tíortha an Domhain - Statistics

General Stats
  • This quiz has been taken 361 times
  • The average score is 14 of 196
Answers on the Map
Answers color-coded by a green-red scale on the quiz's map according to % correct below.
 
Answer Stats
tír % Correct
Éire
92%
Stáit Aontaithe
30%
Ghearmáin
28%
Iodáil
28%
Spáinn
27%
India
26%
Fhrainc
25%
Rúis
24%
Cúba
23%
Ceanada
22%
Astráil
21%
Háítí
18%
Ríocht Aontaithe
17%
Úcráin
17%
Ghréig
16%
Óman
15%
Panama
15%
Madagascar
14%
Angóla
13%
Ísiltír
13%
Meicsiceo
13%
Tuirc
13%
Bheilg
12%
Hondúras
12%
Málta
12%
Pholainn
12%
Albáin
11%
Eacuadór
11%
Laos
11%
Rómáin
11%
Uganda
11%
Afraic Theas
10%
Greanáda
10%
Palau
10%
Paragua
10%
Airgintín
9%
Andóra
9%
Barbadós
9%
Bhrasaíl
9%
Danmhairg
9%
Éigipt
9%
Gána
9%
Ghuine
9%
Monacó
9%
Síne
9%
tSeapáin
9%
Urugua
9%
Bhulgáir
8%
Eastóin
8%
Iorua
8%
Íoslainn
8%
Libia
8%
Nua-Shéalainn
8%
Ostair
8%
Samó
8%
Tuvalu
8%
Catar
7%
Côte d'Ivoire
7%
Eilvéis
7%
Fhionlainn
7%
Laitvia
7%
Maenmar
7%
Phortaingéil
7%
Ruanda
7%
Tonga
7%
tSeic
7%
tSualainn
7%
Ungáir
7%
Bahámaí
6%
Chipir
6%
Chóiré Theas
6%
Cholóim
6%
Cósta Ríce
6%
Eswatini
6%
Ghuine-Bissau
6%
Liotuáin
6%
Nigéir
6%
Peiriú
6%
São Tomé agus Príncipe
6%
tSile
6%
Vanuatú
6%
Afganastáin
5%
Ailgéir
5%
Airméin
5%
Bhealarúis
5%
Bheilís
5%
Bholaiv
5%
Chasacstáin
5%
Chróit
5%
Guatamala
5%
Iaráic
5%
Iaráin
5%
Indinéis
5%
Iosrael
5%
Lucsamburg
5%
Mailí
5%
Mhongóil
5%
Sead
5%
tSlóvaic
5%
Aetóip
4%
Antigua agus Barbúda
4%
Araib Shádach
4%
Asarbaiseáin
4%
Bairéin
4%
Beinin
4%
Bhotsuáin
4%
Bhurúin
4%
Cabo Verde
4%
Camarún
4%
Cathair na Vatacáine
4%
Chéinia
4%
Chóiré Thuaidh
4%
Chongó
4%
Cuáit
4%
Doiminice
4%
Éimin
4%
Eiritré
4%
Fidsí
4%
Ghaimbia
4%
Iamáice
4%
Iordáin
4%
Libéir
4%
Lichtinstéin
4%
Liobáin
4%
Mholdóiv
4%
Montainéagró
4%
Namaib
4%
Nárú
4%
Neipeal
4%
Nicearagua
4%
Nígir
4%
Oileáin Marshall
4%
Phacastáin
4%
Srí Lanca
4%
Tansáin
4%
Timor-Leste
4%
tSeoirsia
4%
tSlóivéin
4%
tSúdáin
4%
Aontas na nÉimíríochtaí Arabacha
3%
Bhanglaidéis
3%
Bhoisnia- Heirseagaivéin
3%
Bhútáin
3%
Brúiné
3%
Buircíne Fasó
3%
Chambóid
3%
Chirgeastáin
3%
Chosaiv
3%
Cireabaití
3%
Diobúití
3%
Ghabúin
3%
Ghuáin
3%
Ghuine Mheánchriosach
3%
hOileáin Fhilipíneacha
3%
Leosóta
3%
Maracó
3%
Mhalaeisia
3%
Mhaláiv
3%
Oileáin Chomóra
3%
Oileáin Mhuirís
3%
Oileáin na Tríonóide agus Tobága
3%
Phoblacht Dhoiminiceach
3%
Poblacht Dhaonlathach an Chongó
3%
Poblacht na hAfraice Láir
3%
San Críostóir-Nimheas
3%
San Mairíne
3%
San Uinseann agus na Greanáidíní
3%
Singeapór
3%
Téalainn
3%
tSaimbia
3%
tSalvadóir
3%
tSeirbia
3%
tSiria
3%
tSomáil
3%
tSúdáin Theas
3%
Veiniséala
3%
Mhacadóin Thuaidh
2%
Mháratáin
2%
Mhósaimbíc
2%
Micrinéise
2%
Nua-Ghuine Phapua
2%
Oileáin Mhaildíve
2%
Oileáin Sholamón
2%
San Lucia
2%
Siarra Leon
2%
Suranam
2%
Táidsíceastáin
2%
Tóga
2%
tSeineagáil
2%
tSiombáib
2%
Túinéis
2%
Tuircméanastáin
2%
Úisbéiceastáin
2%
Vítneam
2%
Séiséil
1%
Téaváin
1%
No matching quizzes found
Score Distribution
Percent of People with Each Score
Percentile by Number Answered
Your Score History
You have not taken this quiz